000 00858nam a2200217 a 4500
001 56081
003 BD-RjUL
005 20211209080342.0
008 161126s1968 bg ||||| |||| 00| 0 ben d
035 _a(BD-RjUL)56205
040 _aBD-RjUL
_bben
_cBD-RjUL
_dBD-RjUL
041 _aben
082 _223
_a891.44109
_bAHK 1968
100 _aআহসান, সৈয়দ আলী
_9166962
245 1 0 _aকবিতার কথা ও অন্যান্য বিবেচনা /
_cসৈয়দ আলী আহসান
260 _aচট্টগ্রাম :
_bবইঘর,
_c১৯৬৮.
300 _a[১০], ৩৭৪ পৃ. ;
_c২৩ সেমি.
650 _aবাংলা কবিতা
_vইতিহাস ও সমালোচনা
_9117724
650 _aBengali Poetry
_vHistory and Criticism
_9117725
942 _2ddc
_cBK
999 _c56081
_d56081